|
|
|
|
| LEADER |
00865nab#a2200217#a#4500 |
| 001 |
000048 |
| 003 |
AR-BeUNQ |
| 005 |
20190726113538.0 |
| 008 |
000417c1995####ag##################spa#d |
| 999 |
|
|
|c 31544
|d 115344
|
| 040 |
|
|
|a AR-BeUNQ
|c AR-BeUNQ
|
| 099 |
|
|
|a P-AR-REV1
|
| 100 |
1 |
|
|a Ferreiro, Emilia
|
| 245 |
0 |
2 |
|a Diversidad y proceso de alfabetización :
|b de la celebración a la toma de conCiencia /
|c Emilia Ferreiro.
|
| 530 |
|
|
|a También disponible en versión PDF en el Repositorio Institucional Digital de Acceso Abierto RIDAA-UNQ
|
| 650 |
|
7 |
|a Alfabetización
|2 spines
|
| 650 |
|
7 |
|a Escritura
|2 spines
|
| 650 |
|
7 |
|a Enseñanza
|2 spines
|
| 773 |
0 |
|
|0 25834
|9 214753
|d Quilmes : Universidad Nacional de Quilmes,
|o 1045300001
|t Revista de Ciencias Sociales /
|w (AR-BeUNQ)015178
|x 0328-2643
|
| 856 |
|
|
|u http://ridaa.unq.edu.ar/handle/20.500.11807/1362
|
| 942 |
|
|
|c ANA
|n 0
|2 ddc
|